Il nuovo codice di diritto canonico: novita, motivazione e significato
Uloženo v:
| Médium: | Kniha |
|---|---|
| Jazyk: | italština |
| Vydáno: |
Roma
Pontificia Universita Lateranense
1983
|
| Edice: | Utrumque ius. Collectio Ponitifcae Universitatis Lateranensis, 9
|
| Témata: | |
| Tagy: |
Přidat tag
Žádné tagy, Buďte první, kdo vytvoří štítek k tomuto záznamu!
|
MARC
| LEADER | 00000nam a2200000 a 4500 | ||
|---|---|---|---|
| 001 | UCV3341 | ||
| 003 | CL-VaPUC | ||
| 008 | 930526e19830000IT |||||||||||||||||ita|d | ||
| 082 | 0 | 4 | |a 262.94 |b NUO |2 21 |
| 245 | 1 | 3 | |a Il nuovo codice di diritto canonico: novita, motivazione e significato |
| 300 | |a 554 p | ||
| 942 | |c BK | ||
| 945 | |d 19930526 00:00:00 | ||
| 260 | |a Roma |b Pontificia Universita Lateranense |c 1983 | ||
| 500 | |a Otti della settimana di studio 26-30 aprile 1983 | ||
| 650 | 7 | |a DERECHO CANONICO |2 CL-VaPUC |9 297585 | |
| 583 | |a last modification |c 19930526 00:00:00 |k Rodrigo Vera | ||
| 490 | 0 | |a Utrumque ius. Collectio Ponitifcae Universitatis Lateranensis, 9 | |
| 999 | |c 210584 |d 210582 | ||
| 952 | |0 0 |1 0 |4 0 |6 262_940000000000000_NUO_1983 |7 0 |8 A |9 186935 |a BIBDER |b BIBDER |d 2019-11-14 |i 2545896 |o 262.94 NUO 1983 |p 2545896 |r 2023-01-25 |w 2019-11-14 |y BK |k DER | ||